[Event "Mauricie op"]
[Site "Trois-Rivieres CAN"]
[Date "2011.03.18"]
[Round "1"]
[White "Laptos, Krzysztof"]
[Black "Chiffot, Nicolas"]
[Result "1-0"]
[WhiteElo "2267"]
[BlackElo "1994"]
[PlyCount "107"]
[GameId "2160767909787349"]
[EventDate "2011.03.18"]
[EventType "swiss"]
[EventRounds "5"]
[EventCountry "CAN"]
[SourceTitle "EXT 2022"]
[Source "ChessBase"]
[SourceDate "2021.10.06"]
[SourceVersion "1"]
[SourceVersionDate "2021.10.06"]
[SourceQuality "1"]

1. b4 e5 2. Bb2 d6 3. c4 a5 4. a3 Nf6 5. Nf3 g6 6. Nc3 Bg7 7. e3 O-O 8. d4 e4 9. Nd2 Re8 10. Be2 Nbd7 11. g4 h6 12. h4 Nf8 13. g5 hxg5 14. hxg5 N6h7 15. Ndxe4 Nxg5 16. Ng3 Qf6 17. Nd5 Qd8 18. bxa5 Rxa5 19. Qd2 c6 20. Nf4 Ra8 21. Nd3 Qe7 22. d5 Ne4 23. Nxe4 Qxe4 24. Rh2 cxd5 25. Bxg7 Kxg7 26. Qc3+ f6 27. cxd5 Re7 28. Rd1 Qa4 29. Ra1 Bf5 30. Nb4 Rc8 31. Qd2 Qb3 32. Rh4 Qc3 33. Qxc3 Rxc3 34. Kd2 Rec7 35. Rd4 g5 36. e4 Bd7 37. Nc6 Rb3 38. Na5 Rb2+ 39. Ke3 Rc3+ 40. Rd3 Rxe2+ 41. Kxe2 Bb5 42. Rad1 Rxa3 43. Nxb7 Ng6 44. Ke3 Bxd3 45. Rxd3 Rxd3+ 46. Kxd3 Ne5+ 47. Kd4 Nf7 48. Kc4 Kf8 49. Kb5 Ke7 50. Kc6 Ne5+ 51. Kc7 Nd7 52. Nxd6 Nc5 53. Nf5+ Ke8 54. d6 1-0

[Event "Mauricie op"]
[Site "Trois-Rivieres CAN"]
[Date "2011.03.18"]
[Round "1"]
[White "Lemieux, Serge"]
[Black "Robichaud, Louis"]
[Result "0-1"]
[WhiteElo "1672"]
[BlackElo "2069"]
[PlyCount "86"]
[GameId "2160767909787350"]
[EventDate "2011.03.18"]
[EventType "swiss"]
[EventRounds "5"]
[EventCountry "CAN"]
[SourceTitle "EXT 2022"]
[Source "ChessBase"]
[SourceDate "2021.10.06"]
[SourceVersion "1"]
[SourceVersionDate "2021.10.06"]
[SourceQuality "1"]

1. d4 Nf6 2. c4 g6 3. Nc3 Bg7 4. e4 d6 5. Nf3 O-O 6. Be2 e5 7. Bg5 exd4 8. Nxd4 h6 9. Be3 Re8 10. f3 Nc6 11. Rb1 Ne5 12. O-O c6 13. Qd2 Kh7 14. h3 Qe7 15. b4 Be6 16. c5 Rad8 17. Nxe6 Qxe6 18. Qc2 Nc4 19. Bxc4 Qxc4 20. Rfc1 d5 21. Nxd5 cxd5 22. Qxc4 dxc4 23. Rxc4 Rc8 24. a4 Nd7 25. f4 Nf6 26. e5 Nd5 27. Re1 f6 28. Rd4 Nc7 29. Rd7 fxe5 30. fxe5 Kg8 31. g4 g5 32. Bd4 Ne6 33. Bc3 Rc7 34. Red1 Re7 35. Rxc7 Rxc7 36. Rd6 Kf7 37. Kh2 a5 38. c6 axb4 39. Bb2 Rxc6 40. Rxc6 bxc6 41. a5 Nc7 42. a6 Nxa6 43. e6+ Kg8 0-1

[Event "Mauricie op"]
[Site "Trois-Rivieres CAN"]
[Date "2011.03.18"]
[Round "1"]
[White "Morin, Louis"]
[Black "Deschesnes, Jean"]
[Result "1-0"]
[WhiteElo "1891"]
[BlackElo "1764"]
[PlyCount "53"]
[GameId "2160767909787351"]
[EventDate "2011.03.18"]
[EventType "swiss"]
[EventRounds "5"]
[EventCountry "CAN"]
[SourceTitle "EXT 2022"]
[Source "ChessBase"]
[SourceDate "2021.10.06"]
[SourceVersion "1"]
[SourceVersionDate "2021.10.06"]
[SourceQuality "1"]

1. e4 c5 2. d4 cxd4 3. c3 dxc3 4. Nxc3 d6 5. Nf3 Nc6 6. Bc4 e6 7. O-O a6 8. Qe2 b5 9. Bb3 Ra7 10. Be3 Rd7 11. Rac1 Bb7 12. Rfd1 Nf6 13. h3 Be7 14. Ng5 d5 15. exd5 exd5 16. Nxd5 O-O 17. Bb6 Qe8 18. Nxf6+ Bxf6 19. Qxe8 Rxd1+ 20. Rxd1 Rxe8 21. Bxf7+ Kf8 22. Bxe8 Kxe8 23. Nxh7 Bxb2 24. Re1+ Kf7 25. Ng5+ Kf6 26. Ne4+ Kg6 27. Nd6 1-0

[Event "Mauricie op"]
[Site "Trois-Rivieres CAN"]
[Date "2011.03.18"]
[Round "1"]
[White "Qin, Zi Yi (Joey)"]
[Black "Miron, Francois"]
[Result "1/2-1/2"]
[WhiteElo "2254"]
[BlackElo "1977"]
[PlyCount "72"]
[GameId "2160767909787352"]
[EventDate "2011.03.18"]
[EventType "swiss"]
[EventRounds "5"]
[EventCountry "CAN"]

1. e4 g6 2. d4 Bg7 3. Nc3 d6 4. Be3 Nc6 5. Qd2 e5 6. Nge2 Nf6 7. f3 O-O 8. O-O-O Ne8 9. g4 exd4 10. Nxd4 a6 11. h4 Nxd4 12. Bxd4 Bxd4 13. Qxd4 Qf6 14. Qe3 c6 15. h5 g5 16. h6 Qe7 17. Bd3 f6 18. f4 gxf4 19. Qxf4 Qe5 20. Qe3 Kh8 21. Rh5 Qe7 22. Be2 Be6 23. g5 Bf7 24. gxf6 Nxf6 25. Rg5 Bg6 26. Bd3 Rae8 27. Re1 Nd7 28. Reg1 Ne5 29. Be2 Rf6 30. Kb1 Ref8 31. R5g3 Qf7 32. Qd4 Qe6 33. a3 Rf4 34. Rd1 R4f6 35. Qb4 Qe7 36. Qd4 Qe6 1/2-1/2

[Event "Mauricie op"]
[Site "Trois-Rivieres CAN"]
[Date "2011.03.18"]
[Round "1"]
[White "Szalay, Karoly"]
[Black "Auger, Bertrand"]
[Result "1-0"]
[WhiteElo "2184"]
[BlackElo "1956"]
[PlyCount "57"]
[GameId "2160767909787355"]
[EventDate "2011.03.18"]
[EventType "swiss"]
[EventRounds "5"]
[EventCountry "CAN"]
[SourceTitle "EXT 2022"]
[Source "ChessBase"]
[SourceDate "2021.10.06"]
[SourceVersion "1"]
[SourceVersionDate "2021.10.06"]
[SourceQuality "1"]

1. e4 e6 2. d4 d5 3. Nd2 dxe4 4. Nxe4 Bd7 5. Bd3 Bc6 6. Nf3 Nd7 7. Qe2 Ngf6 8. Bf4 Nxe4 9. Bxe4 Bxe4 10. Qxe4 c6 11. O-O-O Nf6 12. Qe2 Be7 13. Ne5 O-O 14. Rhe1 Nd5 15. Bd2 a5 16. Kb1 a4 17. c4 Nf6 18. Bc3 Qc7 19. g4 Bd6 20. g5 Nd7 21. f4 Rfe8 22. Qg4 b5 23. Qh5 Nf8 24. cxb5 cxb5 25. Rc1 Qb7 26. d5 exd5 27. Ng4 Ng6 28. Rxe8+ Rxe8 29. Bxg7 1-0

[Event "Mauricie op"]
[Site "Trois-Rivieres CAN"]
[Date "2011.03.18"]
[Round "1"]
[White "Voloaca, Mihnea"]
[Black "Poulin, Mathieu"]
[Result "1/2-1/2"]
[WhiteElo "2320"]
[BlackElo "2012"]
[PlyCount "78"]
[GameId "2160767909787356"]
[EventDate "2011.03.18"]
[EventType "swiss"]
[EventRounds "5"]
[EventCountry "CAN"]
[SourceTitle "EXT 2022"]
[Source "ChessBase"]
[SourceDate "2021.10.06"]
[SourceVersion "1"]
[SourceVersionDate "2021.10.06"]
[SourceQuality "1"]

1. d4 d5 2. c4 e6 3. Nf3 Nf6 4. g3 Be7 5. Bg2 O-O 6. O-O dxc4 7. Ne5 c5 8. dxc5 Bxc5 9. Nxc4 Nc6 10. Bf4 Nd5 11. Bd2 b5 12. Nca3 a6 13. Qc2 Qb6 14. Nc3 Nxc3 15. Bxc3 Bb7 16. Qb3 Nd4 17. Bxd4 Bxd4 18. Bxb7 Qxb7 19. Rad1 Rfd8 20. Nc2 Bf6 21. a4 Qe4 22. Rxd8+ Rxd8 23. axb5 axb5 24. Ne3 Qe5 25. Rc1 Qxb2 26. Qxb2 Bxb2 27. Rb1 Rd2 28. Kg2 Rxe2 29. Nd1 Bf6 30. Rxb5 g6 31. h4 Bd4 32. Kf1 Rc2 33. h5 Kg7 34. hxg6 hxg6 35. Rb3 e5 36. Nc3 Rxc3 37. Rxc3 Bxc3 38. g4 Kh6 39. Ke2 Bd4 1/2-1/2

[Event "Mauricie op"]
[Site "Trois-Rivieres CAN"]
[Date "2011.03.18"]
[Round "1"]
[White "Wilkin, Alain"]
[Black "Djerkovic, Miladin"]
[Result "0-1"]
[WhiteElo "2007"]
[BlackElo "2280"]
[PlyCount "64"]
[GameId "2160767909787357"]
[EventDate "2011.03.18"]
[EventType "swiss"]
[EventRounds "5"]
[EventCountry "CAN"]
[SourceTitle "EXT 2022"]
[Source "ChessBase"]
[SourceDate "2021.10.06"]
[SourceVersion "1"]
[SourceVersionDate "2021.10.06"]
[SourceQuality "1"]

1. c4 e6 2. e3 c5 3. Nf3 d5 4. b3 Be7 5. Bb2 d4 6. exd4 Bf6 7. Nc3 cxd4 8. Ne4 Nc6 9. Nxf6+ gxf6 10. d3 e5 11. Be2 Nge7 12. O-O Ng6 13. Bc1 f5 14. Ne1 f4 15. Bf3 Nce7 16. g3 Bh3 17. Ng2 Qd7 18. Re1 fxg3 19. hxg3 h5 20. Qe2 O-O-O 21. Bg5 Rde8 22. Bf6 Rh7 23. Be4 Qe6 24. Bxe7 Rxe7 25. Bxg6 fxg6 26. f4 Qc6 27. Qe4 exf4 28. Qxc6+ bxc6 29. Nxf4 Bf5 30. Kf2 g5 31. Rxe7 Rxe7 32. Nxh5 Bg4 0-1

[Event "Mauricie op"]
[Site "Trois-Rivieres CAN"]
[Date "2011.03.19"]
[Round "2"]
[White "Allard, Laurent"]
[Black "Doubleday, William"]
[Result "1-0"]
[WhiteElo "1865"]
[BlackElo "2100"]
[PlyCount "93"]
[GameId "2160767909787359"]
[EventDate "2011.03.18"]
[EventType "swiss"]
[EventRounds "5"]
[EventCountry "CAN"]
[SourceTitle "EXT 2022"]
[Source "ChessBase"]
[SourceDate "2021.10.06"]
[SourceVersion "1"]
[SourceVersionDate "2021.10.06"]
[SourceQuality "1"]

1. e4 c5 2. Nf3 Nc6 3. d4 cxd4 4. Nxd4 Qb6 5. Nb3 Nf6 6. Nc3 e6 7. Be3 Qc7 8. f3 a6 9. Qd2 Be7 10. O-O-O d6 11. g4 O-O 12. Kb1 b5 13. h4 Nd7 14. Qf2 Nce5 15. g5 b4 16. Ne2 a5 17. Ned4 a4 18. Nb5 Qb8 19. N3d4 Bb7 20. h5 Nc5 21. Qh2 Rc8 22. g6 h6 23. gxf7+ Nxf7 24. Rg1 Ba6 25. Qg2 Bf6 26. Qg6 b3 27. cxb3 axb3 28. a3 Qb7 29. Nc3 Ne5 30. Bxa6 Rxa6 31. Qg2 Nc4 32. Bxh6 Rxa3 33. Bxg7 Bxg7 34. h6 Ra7 35. Ndb5 Ne3 36. Qxg7+ Qxg7 37. Nxa7 Rc7 38. Rxg7+ Rxg7 39. hxg7 Nxd1 40. Nxd1 Kxg7 41. Nc6 Kf6 42. Kc1 Kg5 43. Kd2 Kf4 44. Ke2 d5 45. exd5 exd5 46. Nc3 d4 47. Nxd4 1-0

[Event "Mauricie op"]
[Site "Trois-Rivieres CAN"]
[Date "2011.03.19"]
[Round "2"]
[White "Djerkovic, Miladin"]
[Black "Lebeau, Gilbert"]
[Result "1-0"]
[WhiteElo "2280"]
[BlackElo "2034"]
[PlyCount "89"]
[GameId "2160767909787361"]
[EventDate "2011.03.18"]
[EventType "swiss"]
[EventRounds "5"]
[EventCountry "CAN"]
[SourceTitle "EXT 2022"]
[Source "ChessBase"]
[SourceDate "2021.10.06"]
[SourceVersion "1"]
[SourceVersionDate "2021.10.06"]
[SourceQuality "1"]

1. c4 Nf6 2. g3 e6 3. Bg2 d5 4. Nf3 Be7 5. b3 O-O 6. O-O Ne4 7. Bb2 Bf6 8. Qc2 Nc6 9. d3 Nb4 10. Qc1 Bxb2 11. Qxb2 Qf6 12. Ne5 Nd6 13. Nd2 Nc6 14. d4 Ne7 15. f3 Qh6 16. e4 f6 17. Ng4 Qg6 18. Ne3 c6 19. Rae1 Bd7 20. Qa3 Ndc8 21. f4 Re8 22. f5 exf5 23. exd5 f4 24. Rxf4 Qd3 25. Nef1 cxd5 26. cxd5 Ng6 27. Rxe8+ Bxe8 28. Re4 Nb6 29. Qb4 Rd8 30. Nc4 f5 31. Ne5 Qa6 32. Re1 Nc8 33. a4 Nd6 34. Ne3 b5 35. Nc6 Bxc6 36. dxc6 bxa4 37. bxa4 f4 38. Nd5 fxg3 39. c7 gxh2+ 40. Kxh2 Rf8 41. Re6 Qd3 42. Qxd6 Qd1 43. Qg3 Qh5+ 44. Qh3 Qg5 45. Rxg6 1-0

[Event "Mauricie op"]
[Site "Trois-Rivieres CAN"]
[Date "2011.03.19"]
[Round "2"]
[White "Fortier, Marc-Andre"]
[Black "Dumont, Felix"]
[Result "1/2-1/2"]
[WhiteElo "2152"]
[BlackElo "1989"]
[PlyCount "79"]
[GameId "2160767909787362"]
[EventDate "2011.03.18"]
[EventType "swiss"]
[EventRounds "5"]
[EventCountry "CAN"]
[SourceTitle "EXT 2022"]
[Source "ChessBase"]
[SourceDate "2021.10.06"]
[SourceVersion "1"]
[SourceVersionDate "2021.10.06"]
[SourceQuality "1"]

1. e4 c5 2. Nc3 d6 3. g3 Nf6 4. Bg2 Nc6 5. d3 g6 6. Be3 Bg7 7. h3 e6 8. Qd2 Rb8 9. Nge2 O-O 10. O-O b5 11. a3 Nd7 12. Bh6 b4 13. Bxg7 Kxg7 14. axb4 cxb4 15. Nd1 a5 16. Kh2 Nb6 17. f4 d5 18. f5 exf5 19. exf5 Bxf5 20. Rxf5 gxf5 21. Ne3 Ne7 22. Nd4 Kh8 23. Qf2 Ra8 24. Ndxf5 Nxf5 25. Qxf5 Qd6 26. Nxd5 Nxd5 27. Bxd5 Rac8 28. Bb3 Rg8 29. Qf2 Rce8 30. Rg1 Re7 31. Rg2 Rge8 32. Ba4 Rd8 33. Qf5 Rg8 34. Qf2 Re6 35. Qxf7 Rxg3 36. Rxg3 Re2+ 37. Kh1 Qxg3 38. Qf6+ Qg7 39. Qd8+ Qg8 40. Qf6+ 1/2-1/2

[Event "Mauricie op"]
[Site "Trois-Rivieres CAN"]
[Date "2011.03.19"]
[Round "2"]
[White "Poulin, Mathieu"]
[Black "Qin, Zi Yi (Joey)"]
[Result "0-1"]
[WhiteElo "2012"]
[BlackElo "2254"]
[PlyCount "112"]
[GameId "2160767909787367"]
[EventDate "2011.03.18"]
[EventType "swiss"]
[EventRounds "5"]
[EventCountry "CAN"]

1. d4 Nf6 2. c4 g6 3. Nc3 Bg7 4. e4 d6 5. f3 c5 6. dxc5 dxc5 7. Qxd8+ Kxd8 8. Be3 Nfd7 9. O-O-O b6 10. Kc2 Bb7 11. Nge2 Nc6 12. g3 e6 13. Bg5+ f6 14. Bf4 e5 15. Bc1 Nd4+ 16. Nxd4 cxd4 17. Nd5 Rc8 18. Kb1 Nc5 19. h4 Ke8 20. b3 Kf7 21. Nb4 f5 22. Bh3 fxe4 23. Bxc8 Rxc8 24. f4 e3 25. Nd5 e4 26. Nxe3 dxe3 27. Bxe3 Nd3 28. Rh2 Re8 29. Rf1 Ke6 30. g4 Rf8 31. h5 Rf7 32. hxg6 hxg6 33. Rh7 Bf6 34. Rh6 Kd7 35. Rxg6 Be7 36. Kc2 Rh7 37. Rd1 Rh3 38. Bd4 Ke8 39. Rg8+ Kf7 40. Rg7+ Kf8 41. f5 Nb4+ 42. Kb1 e3 43. f6 Be4+ 44. Kc1 Rh2 45. fxe7+ Ke8 46. Rg8+ Kxe7 47. Rg7+ Ke6 48. Rxa7 Rc2+ 49. Kb1 Rd2+ 50. Kc1 Rc2+ 51. Kb1 Rxa2+ 52. Kc1 Rc2+ 53. Kb1 Rd2+ 54. Kc1 Nd3+ 55. Kb1 Nc5+ 56. Ka1 Nxb3# 0-1

[Event "Mauricie op"]
[Site "Trois-Rivieres CAN"]
[Date "2011.03.19"]
[Round "2"]
[White "Ramaswamy, Kishor"]
[Black "Pepin, Christian"]
[Result "1-0"]
[WhiteElo "2215"]
[BlackElo "1933"]
[PlyCount "69"]
[GameId "2160767909787368"]
[EventDate "2011.03.18"]
[EventType "swiss"]
[EventRounds "5"]
[EventCountry "CAN"]
[SourceTitle "EXT 2022"]
[Source "ChessBase"]
[SourceDate "2021.10.06"]
[SourceVersion "1"]
[SourceVersionDate "2021.10.06"]
[SourceQuality "1"]

1. d4 d5 2. Nf3 f5 3. Bf4 e6 4. e3 Nf6 5. Bd3 Bd6 6. Ne5 O-O 7. Nd2 Bd7 8. Ndf3 Be8 9. O-O Bh5 10. c4 c6 11. c5 Be7 12. b4 Ne4 13. Qc1 Nd7 14. Nxd7 Qxd7 15. Ne5 Qc8 16. f3 Nf6 17. b5 Be8 18. bxc6 Bxc6 19. Nxc6 bxc6 20. Rb1 Nd7 21. Qa3 g5 22. Ba6 Qe8 23. Bc7 Nb6 24. Bb7 Nc4 25. Qd3 Qd7 26. Bxa8 Rxa8 27. Bg3 e5 28. Rb3 Bf6 29. Rfb1 Qe6 30. Rb8+ Rxb8 31. Rxb8+ Kg7 32. Rb7+ Kg6 33. dxe5 Bxe5 34. Bxe5 Qxe5 35. Qd4 1-0

[Event "Mauricie op"]
[Site "Trois-Rivieres CAN"]
[Date "2011.03.19"]
[Round "2"]
[White "Riordon, Jason"]
[Black "Cote-Lalumiere, Tristan"]
[Result "0-1"]
[WhiteElo "2035"]
[BlackElo "1858"]
[PlyCount "60"]
[GameId "2160767909787369"]
[EventDate "2011.03.18"]
[EventType "swiss"]
[EventRounds "5"]
[EventCountry "CAN"]
[SourceTitle "EXT 2022"]
[Source "ChessBase"]
[SourceDate "2021.10.06"]
[SourceVersion "1"]
[SourceVersionDate "2021.10.06"]
[SourceQuality "1"]

1. e4 c5 2. Nf3 d6 3. d4 cxd4 4. Nxd4 Nf6 5. Nc3 g6 6. Be2 Bg7 7. Be3 O-O 8. O-O Nc6 9. h3 a6 10. Qd2 Nxd4 11. Bxd4 b5 12. a4 b4 13. Nd5 Nxd5 14. exd5 a5 15. Rfe1 e5 16. Be3 f5 17. f3 f4 18. Bf2 e4 19. Bd4 e3 20. Qd1 Bxd4 21. Qxd4 Qg5 22. Kh1 Qg3 23. Bf1 Rf5 24. Qb6 Rg5 25. Qd8+ Kg7 26. Qe7+ Kh6 27. Re2 Bxh3 28. Qxg5+ Kxg5 29. gxh3 Qxf3+ 30. Rg2+ Kf6 0-1

[Event "Mauricie op"]
[Site "Trois-Rivieres CAN"]
[Date "2011.03.19"]
[Round "2"]
[White "Robichaud, Louis"]
[Black "Laptos, Krzysztof"]
[Result "1-0"]
[WhiteElo "2069"]
[BlackElo "2267"]
[PlyCount "79"]
[GameId "2160767909787370"]
[EventDate "2011.03.18"]
[EventType "swiss"]
[EventRounds "5"]
[EventCountry "CAN"]
[SourceTitle "EXT 2022"]
[Source "ChessBase"]
[SourceDate "2021.10.06"]
[SourceVersion "1"]
[SourceVersionDate "2021.10.06"]
[SourceQuality "1"]

1. e4 d6 2. d4 Nf6 3. Nc3 c6 4. f4 Qa5 5. Bd2 Qb6 6. Nf3 Bg4 7. h3 Bxf3 8. Qxf3 Qxd4 9. Be3 Qb4 10. O-O-O e6 11. g4 h6 12. Bg2 Nbd7 13. Rhe1 Be7 14. h4 g5 15. Rd4 Qa5 16. Ra4 Qc7 17. hxg5 hxg5 18. e5 dxe5 19. fxg5 Nd5 20. Ne4 b5 21. Ra6 Qb7 22. Ra5 Qc7 23. Ra6 Nb8 24. Ra3 Bxa3 25. bxa3 Nd7 26. g6 fxg6 27. Bg5 Rf8 28. Qh3 N7f6 29. Qh6 O-O-O 30. Nxf6 Nxf6 31. Qh3 Qd6 32. Qb3 Rd7 33. a4 b4 34. Qc4 Nd5 35. Rd1 Rf2 36. Be4 Rb7 37. Kb2 Nb6 38. Qxc6+ Qxc6 39. Bxc6 Rc7 40. Rd8# 1-0

[Event "Mauricie op"]
[Site "Trois-Rivieres CAN"]
[Date "2011.03.19"]
[Round "2"]
[White "Trottier, Emile"]
[Black "Morin, Louis"]
[Result "1-0"]
[WhiteElo "1952"]
[BlackElo "1891"]
[PlyCount "27"]
[GameId "2160767909787372"]
[EventDate "2011.03.18"]
[EventType "swiss"]
[EventRounds "5"]
[EventCountry "CAN"]
[SourceTitle "EXT 2022"]
[Source "ChessBase"]
[SourceDate "2021.10.06"]
[SourceVersion "1"]
[SourceVersionDate "2021.10.06"]
[SourceQuality "1"]

1. e4 e5 2. Nf3 d6 3. d4 Nf6 4. dxe5 Nxe4 5. Bc4 c6 6. exd6 Bxd6 7. O-O O-O 8. b3 Qf6 9. c3 Bg4 10. Re1 Nxc3 11. Nxc3 Qxc3 12. Qxd6 Bxf3 13. Bxf7+ Kxf7 14. Qe6# 1-0

[Event "Mauricie op"]
[Site "Trois-Rivieres CAN"]
[Date "2011.03.19"]
[Round "3"]
[White "Allard, Laurent"]
[Black "Ramaswamy, Kishor"]
[Result "1/2-1/2"]
[WhiteElo "1865"]
[BlackElo "2215"]
[PlyCount "82"]
[GameId "2160767909787373"]
[EventDate "2011.03.18"]
[EventType "swiss"]
[EventRounds "5"]
[EventCountry "CAN"]
[SourceTitle "EXT 2022"]
[Source "ChessBase"]
[SourceDate "2021.10.06"]
[SourceVersion "1"]
[SourceVersionDate "2021.10.06"]
[SourceQuality "1"]

1. e4 c6 2. d4 d5 3. Nc3 dxe4 4. Nxe4 Nf6 5. Ng3 h5 6. h4 Bg4 7. f3 Bd7 8. Be3 Qb6 9. Qc1 e6 10. c3 c5 11. Bd3 Nc6 12. N1e2 Nd5 13. dxc5 Bxc5 14. Bxc5 Qxc5 15. Ne4 Qe7 16. Qd2 Ne5 17. O-O-O Nxd3+ 18. Qxd3 O-O-O 19. c4 Nf6 20. Qd6 Rhe8 21. Qxe7 Rxe7 22. Nxf6 gxf6 23. Nf4 Rh8 24. Rd2 Bc6 25. Re1 Rd7 26. Red1 Rxd2 27. Rxd2 Kc7 28. Kc2 e5 29. Nd5+ Bxd5 30. Rxd5 Rg8 31. Rd2 f5 32. Kd3 Rd8+ 33. Ke2 Rxd2+ 34. Kxd2 a5 35. Kd3 Kd6 36. b3 f4 37. Ke4 Ke6 38. a3 f5+ 39. Kd3 Kd6 40. b4 axb4 41. axb4 b6 1/2-1/2

[Event "Mauricie op"]
[Site "Trois-Rivieres CAN"]
[Date "2011.03.19"]
[Round "3"]
[White "Auger, Bertrand"]
[Black "Poulin, Mathieu"]
[Result "1/2-1/2"]
[WhiteElo "1956"]
[BlackElo "2012"]
[PlyCount "108"]
[GameId "2160767909787374"]
[EventDate "2011.03.18"]
[EventType "swiss"]
[EventRounds "5"]
[EventCountry "CAN"]
[SourceTitle "EXT 2022"]
[Source "ChessBase"]
[SourceDate "2021.10.06"]
[SourceVersion "1"]
[SourceVersionDate "2021.10.06"]
[SourceQuality "1"]

1. Nf3 Nf6 2. g3 g6 3. b4 Bg7 4. Bb2 d5 5. Bg2 c6 6. O-O O-O 7. d3 a5 8. a3 axb4 9. axb4 Rxa1 10. Bxa1 Qb6 11. c3 Nbd7 12. Nbd2 e5 13. Qb1 Qc7 14. c4 d4 15. c5 Nd5 16. Ne4 b6 17. Re1 Ba6 18. Nfd2 Rb8 19. Ng5 bxc5 20. Qa2 Bb7 21. bxc5 Ra8 22. Qc4 N7f6 23. Nde4 Ba6 24. Qb3 h6 25. Nxf6+ Bxf6 26. Ne4 Be7 27. Rb1 Bb5 28. Bb2 Ra4 29. Bc1 Kg7 30. Bd2 Nf6 31. Nxf6 Bxf6 32. f4 Qa7 33. fxe5 Bxe5 34. Rf1 Ra1 35. Bc1 Bf6 36. h4 g5 37. hxg5 hxg5 38. Be4 Qxc5 39. Qd1 Ra2 40. Qe1 Ra8 41. Qf2 Qe5 42. Qf3 Rc8 43. Qg4 Re8 44. Rf5 Qe6 45. Bxg5 Bxg5 46. Rxg5+ Kf8 47. Rg8+ Ke7 48. Qg5+ Kd6 49. Qf4+ Kc5 50. Qg5+ Kb6 51. Rxe8 Qxe8 52. Qg7 Kc5 53. Qg5+ Kb6 54. Qg7 Kc5 1/2-1/2

[Event "Mauricie op"]
[Site "Trois-Rivieres CAN"]
[Date "2011.03.19"]
[Round "3"]
[White "Cote-Lalumiere, Tristan"]
[Black "Fortier, Marc-Andre"]
[Result "0-1"]
[WhiteElo "1858"]
[BlackElo "2152"]
[PlyCount "64"]
[GameId "2160767909787376"]
[EventDate "2011.03.18"]
[EventType "swiss"]
[EventRounds "5"]
[EventCountry "CAN"]
[SourceTitle "EXT 2022"]
[Source "ChessBase"]
[SourceDate "2021.10.06"]
[SourceVersion "1"]
[SourceVersionDate "2021.10.06"]
[SourceQuality "1"]

1. e4 c5 2. Nf3 d6 3. d4 cxd4 4. Nxd4 Nf6 5. Nc3 g6 6. Be2 Bg7 7. O-O O-O 8. Be3 Nc6 9. Kh1 Bd7 10. f4 Qb8 11. f5 b5 12. Bf3 b4 13. Nce2 Ne5 14. fxg6 hxg6 15. Ng3 a5 16. h4 Nc4 17. Bf2 Nxb2 18. Qc1 Nc4 19. h5 a4 20. Qg5 Ra5 21. Ndf5 Bxf5 22. exf5 Nh7 23. Qh4 Ne5 24. fxg6 fxg6 25. Be4 Bf6 26. Qh2 Ng4 27. Qh3 Nxf2+ 28. Rxf2 Ng5 29. Qg4 Bxa1 30. Nf5 Raxf5 31. Rxf5 Rxf5 32. Bxf5 Bf6 0-1

[Event "Mauricie op"]
[Site "Trois-Rivieres CAN"]
[Date "2011.03.19"]
[Round "3"]
[White "Doubleday, William"]
[Black "Chiffot, Nicolas"]
[Result "1/2-1/2"]
[WhiteElo "2100"]
[BlackElo "1994"]
[PlyCount "65"]
[GameId "2160767909787378"]
[EventDate "2011.03.18"]
[EventType "swiss"]
[EventRounds "5"]
[EventCountry "CAN"]
[SourceTitle "EXT 2022"]
[Source "ChessBase"]
[SourceDate "2021.10.06"]
[SourceVersion "1"]
[SourceVersionDate "2021.10.06"]
[SourceQuality "1"]

1. d4 d5 2. c4 e6 3. Nc3 Be7 4. Nf3 Nf6 5. Bf4 O-O 6. e3 b6 7. Bd3 Bb7 8. O-O c5 9. cxd5 cxd4 10. d6 dxc3 11. dxe7 Qxe7 12. bxc3 Rd8 13. Qe2 Nbd7 14. Bg5 Qc5 15. Bxf6 Nxf6 16. Ba6 Rd7 17. Bxb7 Rxb7 18. Rac1 Rc8 19. Rfd1 Qa3 20. Qc2 Rbc7 21. Qb3 Qa5 22. h3 h6 23. c4 b5 24. Rd4 Nd7 25. Ne5 Nb6 26. c5 Rxc5 27. Rxc5 Rxc5 28. Rd8+ Kh7 29. Qd3+ f5 30. Qd6 Rd5 31. Qxe6 Rxd8 32. Qxf5+ Kg8 33. Qe6+ 1/2-1/2

[Event "Mauricie op"]
[Site "Trois-Rivieres CAN"]
[Date "2011.03.19"]
[Round "3"]
[White "Drolet, Stephane"]
[Black "Wilkin, Alain"]
[Result "1-0"]
[WhiteElo "2221"]
[BlackElo "2007"]
[PlyCount "104"]
[GameId "2160767909787379"]
[EventDate "2011.03.18"]
[EventType "swiss"]
[EventRounds "5"]
[EventCountry "CAN"]
[SourceTitle "EXT 2022"]
[Source "ChessBase"]
[SourceDate "2021.10.06"]
[SourceVersion "1"]
[SourceVersionDate "2021.10.06"]
[SourceQuality "1"]

1. d4 Nf6 2. c4 g6 3. Nc3 Bg7 4. e4 d6 5. Be2 O-O 6. Bg5 h6 7. Be3 e5 8. d5 Na6 9. Qd2 Kh7 10. h4 Ng4 11. Bxg4 Bxg4 12. f3 Bc8 13. h5 g5 14. g4 Nb8 15. Nge2 Nd7 16. Ng3 f6 17. O-O Rf7 18. Rab1 a5 19. a3 Bf8 20. Nb5 b6 21. b4 axb4 22. axb4 Ba6 23. Na3 Bb7 24. Rb3 Bc8 25. Rc1 Ba6 26. Nf5 Bc8 27. Bf2 Ba6 28. Ne3 Kg8 29. Rbc3 Bb7 30. Qb2 Rb8 31. Nb1 Ba8 32. Nd2 Bb7 33. Nb3 Ba8 34. Ra1 c6 35. dxc6 Bxc6 36. Rd1 f5 37. Nxf5 Rxf5 38. exf5 e4 39. Nd4 Ba8 40. Ne6 Qf6 41. Bd4 Ne5 42. Ra3 Bc6 43. b5 Bb7 44. Bxe5 dxe5 45. Ra7 exf3 46. Qd2 e4 47. Qd4 Qxd4+ 48. Rxd4 e3 49. Nxf8 Kxf8 50. Rd6 f2+ 51. Kf1 Re8 52. Re6 Rd8 1-0

[Event "Mauricie op"]
[Site "Trois-Rivieres CAN"]
[Date "2011.03.19"]
[Round "3"]
[White "Fournier, Michael"]
[Black "Luksza, Arkadiusz"]
[Result "0-1"]
[WhiteElo "1967"]
[BlackElo "2189"]
[PlyCount "50"]
[GameId "2160767909787380"]
[EventDate "2011.03.18"]
[EventType "swiss"]
[EventRounds "5"]
[EventCountry "CAN"]
[SourceTitle "EXT 2022"]
[Source "ChessBase"]
[SourceDate "2021.10.06"]
[SourceVersion "1"]
[SourceVersionDate "2021.10.06"]
[SourceQuality "1"]

1. e4 c5 2. Nc3 Nc6 3. f4 g6 4. Nf3 Bg7 5. Bb5 Nd4 6. O-O a6 7. Bc4 e6 8. d3 Ne7 9. Nxd4 cxd4 10. Ne2 O-O 11. Ng3 d6 12. Bb3 Kh8 13. h4 Ng8 14. h5 Nh6 15. Bd2 Qh4 16. Qf3 Ng4 17. Rfe1 gxh5 18. f5 Rg8 19. Bf4 Be5 20. fxe6 Bxe6 21. Nf5 Bxf5 22. exf5 Ne3 23. Bxe3 dxe3 24. Bxf7 e2 25. Bxg8 Bd4+ 0-1